000 00371nam a22001337a 4500
082 _a691.4
_bDAT
100 _aDatta, A.K.
_945500
245 _aExperimental researches on reinforced brickwork
260 _aLucknow
_bAnglo oriented press
_c1928
300 _avarious pages
_billus.
526 _a0
_b0
_c0
_d691_400000000000000_DAT
650 _aMCE
_9379
942 _2ddc
_cBK
999 _c549006
_d549006